ბათუმის შოთა რუსთაველის სახელმწიფო უნივერსიტეტის ბიბლიოთეკა

მონაცემთა ბაზების მართვის სისტემები : (ბიბ.ჩანაწერი № 38784)

000 -ლიდერი
ფიქსირებული სიგრძის საკონტროლო ველი 01150nam a2200241Ia 4500
001 - საკონტროლო ნომერი
საკონტროლო ველი 5133
003 - საკონტროლო ნომრის იდენტიფიკატორი
საკონტროლო ველი GE_BSU
005 - ბოლო ოპერაციის თარიღი და დრო
საკონტროლო ველი 20190514165447.0
008 - ფიქსირებული სიგრძის მონაცემთა ელემენტები - ზოგადი ინფორმაცია
ფიქსირებული სიგრძის საკონტროლო ველი 181216s1988||||ge |||||||||||||| ||geo||
040 ## - კატალოგიზაციის წყარო
Transcribing agency GE_BSU
041 ## - ენის კოდი
Language code of text/sound track or separate title geo
080 ## - უნივერსალური ათობითი კლასიფიკაციის ინდექსი
Universal Decimal Classification number 004.651(072) ჩ-78
100 ## - მთავარი ჩანაწერი - პიროვნების სახელი
Personal name გოგიჩაიშვილი, გ.
9 (RLIN) 1123
245 ## - ცნობა სათაურის შესახებ
Title მონაცემთა ბაზების მართვის სისტემები :
Remainder of title დამხმ. სახელმძღვ. /
Statement of responsibility, etc გ.ჩოგოვაძე, გ. სურგულაძე, გ. ქაჩიბაია ; რედ. ე. გიორგაძე.
264 ## - წარმოების, გამოცემის, დისტრიბუციის და სხვა ცნობები
გამოცემის, წარმოების, დისტრიბუციის... ადგილი თბილისი :
გამოცემის, წარმოების, დისტრიბუციის... სახელწოდება სპი,
გამოცემის, წარმოების, დისტრიბუციის... თარიღი 1988.
300 ## - ფიზიკური აღწერა
Extent 115 გვ. ;
Dimensions 20 სმ.
504 ## - BIBLIOGRAPHY, ETC. NOTE
Bibliography, etc ბიბლიოგრ. : გვ.113.
653 ## - INDEX TERM--UNCONTROLLED
Uncontrolled term მონაცემთა ბაზების მართვის სისტემები
700 ## - ADDED ENTRY--PERSONAL NAME
Personal name სურგულაძე, გ.
Relator term ავტორი
9 (RLIN) 948
700 ## - ADDED ENTRY--PERSONAL NAME
Personal name ქაჩიბაია, გ.
Relator term ავტორი
9 (RLIN) 1131
700 ## - ADDED ENTRY--PERSONAL NAME
Personal name გიორგაძე, ე.
Relator term რედაქტორი
9 (RLIN) 398
942 ## - ADDED ENTRY ELEMENTS (KOHA)
Koha item type წიგნი
Source of classification or shelving scheme
ეგზემპლარები
ჩამოწერის სტატუსი დაკარგული ეგზემპლარის სტატუსი კლასიფიკაციის წყარო ან თაროზე გაწყობის სქემა დაზიანების სტატუსი არ გაიცემა მუდმივი მდებარეობა (დაცვის ადგილი) ამჟამინდელი ადგილსამყოფელი თაროზე განთავსების ადგილი შეძენის თარიღი ღირებულება, შესყიდვის ნორმალური ფასი სრული შენახვის შიფრი შტრიხკოდი ბოლო ოპერაციის თარიღი ეგზემპლარის მიმდევრობითი ნომერი (კეტერი?) ფასის ძალაში შესვლის თარიღი ეგზემპლარის სახეობა საჯარო შენიშვნა
          ტექნოლოგიური ფაკულტეტის ბიბლიოთეკა ტექნოლოგიური ფაკულტეტის ბიბლიოთეკა წიგნსაცავი 2018-12-17 0.46 004.651(072) ჩ-78 11840 2018-12-17 11840 2018-12-17 წიგნი 0.46 ლ.
          ტექნოლოგიური ფაკულტეტის ბიბლიოთეკა ტექნოლოგიური ფაკულტეტის ბიბლიოთეკა წიგნსაცავი 2018-12-17 0.46 004.651(072) ჩ-78 11841 2018-12-17 11841 2018-12-17 წიგნი 0.46 ლ.
          ტექნოლოგიური ფაკულტეტის ბიბლიოთეკა ტექნოლოგიური ფაკულტეტის ბიბლიოთეკა წიგნსაცავი 2018-12-17 0.46 004.651(072) ჩ-78 11842 2018-12-17 11842 2018-12-17 წიგნი 0.46 ლ.